000 00919nam a2200229Ii 4500
003 JO-AjNU
008 230605s9999||||xx |||||||||||||| ||und||
017 _a1993/9918
040 _aJO-AjNU
_bara
_erda
_cJO-AjNU
041 _aara
050 1 4 _aBP80.U5.B27.1993
100 3 _aبسيوني،كمال,
_eauthor
_913630
245 0 0 _aقائد الفكر الإسلامي عمر بن الخطاب، ج2
250 _aط1
264 3 1 _aالقاهرة:مكتبة النهضة المصرية ،1993
300 _aج2، 167ص
_bالجزء الثاني اجتهاد عمر في الشؤون الدينية والعقلية
336 _atext
_btxt
_2rdacontent
337 _aunmediated
_bn
_2rdamedia
338 _avolume
_bnc
_2rdacarrier
490 0 _aسلسلة مكتبة الدراسات الاسلامية
650 4 _aالخلفاء الراشدون-الصحابة والتابعون-عمر بن الخطاب
_913631
999 _aA3443
_c7011
_d7011